| 000 | 00820nam a2200241 i 4500 | ||
|---|---|---|---|
| 001 | 187091 | ||
| 003 | SpMaBN | ||
| 005 | 20240526062942.0 | ||
| 008 | 170412s1985 sp |||| | spa d | ||
| 020 | _a84-7472-061-3 | ||
| 080 | _a811.411.21'36 | ||
| 100 | 0 |
_aRiosalido, Jesús, _d1937- _997407 |
|
| 245 | 1 | 0 |
_aTesoro de reglas _b: gramática árabe comentada : glosario español / _cJesús Riosalido. |
| 246 | 1 | 0 |
_aGramática árabe comentada _b: glosario español |
| 250 | _a2ª ed. | ||
| 260 |
_aMadrid : _bInstituto Hipano-Árabe de Cultura, _c1985. |
||
| 300 |
_a75 p. ; _c24 cm. |
||
| 546 | _aTexto en árabe y español. | ||
| 650 | 7 |
_aLengua árabe- _xGramática. _914089 |
|
| 710 | 2 |
_aInstituto Hispano-Árabe de Cultura. _9162165 |
|
| 852 |
_aES-MaACL _jL-31413 |
||
| 999 |
_c187091 _d187091 |
||